000 00998nam0a22002771 4500
001 rc\829650
005 20041129091810.1
035 _a(NLR Aleph) 006011738
090 _a7335646
_c7335646
100 _a20041129d1984 u |0rusy50 ca
101 0 _arus
102 _aRU
105 _aa |||||||||
200 1 _aГербера в Латвии
_eИнтродукция, селекция, экология
_fВ.Я. Звиргздиня, Л.Я. Гутмане, Г.Я. Муцениеце
210 _aРига
_cЗинатне
_d1984
215 _a142 с., 16 л. ил.
_cил.
_d21
300 _aРез.: англ.
320 _aБиблиогр.: с. 129-138 (227 назв.)
700 1 _aЗвиргздыня
_bВ. Я.
_gВелта Яновна
701 1 _aГутмане
_bЛ. Я.
_gЛайма Яновна
701 1 _aМуцениеце
_bГ. Я.
_gГундега Яновна
801 0 _aRU
_bNLR
_gpsbo
801 1 _aRU
_bELAR
_2rusmarc
852 _aNLR
_j84-3/10469
942 _cBOOK
980 _aNB